Managing international schools / (Record no. 1125)

000 -LEADER
fixed length control field 01114cam a22003014a 4500
001 - CONTROL NUMBER
control field 12334578
003 - CONTROL NUMBER IDENTIFIER
control field OSt
005 - DATE AND TIME OF LATEST TRANSACTION
control field 20140116120846.0
008 - FIXED-LENGTH DATA ELEMENTS--GENERAL INFORMATION
fixed length control field 010305s2001 enka b 001 0 eng
010 ## - LIBRARY OF CONGRESS CONTROL NUMBER
LC control number 2001019474
020 ## - INTERNATIONAL STANDARD BOOK NUMBER
International Standard Book Number 0415228859
040 ## - CATALOGING SOURCE
Original cataloging agency DLC
Transcribing agency DLC
Modifying agency DLC
042 ## - AUTHENTICATION CODE
Authentication code pcc
050 00 - LIBRARY OF CONGRESS CALL NUMBER
Classification number LC1090 .M36 2001
082 00 - DEWEY DECIMAL CLASSIFICATION NUMBER
Classification number 371.2
Edition number 21
245 00 - TITLE STATEMENT
Title Managing international schools /
Statement of responsibility, etc edited by Sonia Blandford and Marian Shaw.
260 ## - PUBLICATION, DISTRIBUTION, ETC. (IMPRINT)
Place of publication, distribution, etc London ;
-- New York :
Name of publisher, distributor, etc Routledge/Falmer,
Date of publication, distribution, etc 2001.
300 ## - PHYSICAL DESCRIPTION
Extent xix, 193 p. :
Other physical details ill. ;
Dimensions 24 cm.
504 ## - BIBLIOGRAPHY, ETC. NOTE
Bibliography, etc Includes bibliographical references and index.
650 #0 - SUBJECT ADDED ENTRY--TOPICAL TERM
Topical term or geographic name as entry element International schools.
650 #0 - SUBJECT ADDED ENTRY--TOPICAL TERM
Topical term or geographic name as entry element School management and organization.
700 1# - ADDED ENTRY--PERSONAL NAME
Personal name Blandford, Sonia.
700 1# - ADDED ENTRY--PERSONAL NAME
Personal name Shaw, Marian.
856 42 - ELECTRONIC LOCATION AND ACCESS
Materials specified Publisher description
Uniform Resource Identifier <a href="http://www.loc.gov/catdir/enhancements/fy0650/2001019474-d.html">http://www.loc.gov/catdir/enhancements/fy0650/2001019474-d.html</a>
906 ## - LOCAL DATA ELEMENT F, LDF (RLIN)
a 7
b cbc
c orignew
d 1
e ocip
f 20
g y-gencatlg
942 ## - ADDED ENTRY ELEMENTS (KOHA)
Source of classification or shelving scheme
Koha item type Book
Holdings
Withdrawn status Lost status Source of classification or shelving scheme Damaged status Not for loan Home library Current library Date acquired Total Checkouts Full call number Barcode Date last seen Copy number Price effective from Koha item type Date checked out
          Riara University Library Riara University Library 20/03/2013   LC1090 .M36 2001 3898/13 20/03/2013 C.1 20/03/2013 Book  
          Riara University Library Riara University Library 20/03/2013 4 LC1090 .M36 2001 3900/13 14/12/2013 C.2 20/03/2013 Book 29/11/2013
          Riara University Library Riara University Library 20/03/2013 2 LC1090 .M36 2001 3899/13 05/12/2013 C.3 20/03/2013 Book 29/11/2013

Riara University Library,
P.O. Box 49940-00100,
Nairobi, Kenya.